000 00637nam a2200241Ia 4500
003 OSt
005 20221007110718.0
006 a|||||r|||| 00| 0
007 ta
008 221006b |||||||| |||| 00| 0 eng d
024 _a21,687
037 _cTextual
040 _aLCO
_cLCO
_beng
041 _2eng
_aeng
082 _aX8(A):89ZB, M2
100 _aIyer K.V.
245 0 _aLiberalisation of Industrial Policy
260 _aNew
_bDelhi Industrial Consultant India
_c1982
300 _a64
650 _aINDUSTRIAL POLICY
_913085
942 _hX8(A):89ZB, M2
_cTEXL
999 _c1191250
_d1191250